| 000 | 00429 a2200157 4500 | ||
|---|---|---|---|
| 020 | _a9781435458864 | ||
| 090 |
_c7084 _d7084 |
||
| 100 | _aLengyel, Eric | ||
| 245 |
_aMathematics for 3D game programming and computer graphics _cEric Lengyel |
||
| 250 | _a3rd ed | ||
| 260 |
_aChina _bCourse Technalogy _c2012 |
||
| 300 | _a545 p. | ||
| 650 | _aComputer games--Programming | ||
| 700 | _aEric Lengyel | ||
| 942 |
_cBK _k794.816693 LEN |
||
| 999 |
_c10889 _d10889 |
||